000 00596cam a22002173a 4500
001 46056
003 PGUSA
005 20140828084058.0
008 140621s2014||||xxu|||||s|||||000 | eng d
040 _aPGUSA
_beng
042 _adc
100 1 _aSaxe, Mary S.
245 1 0 _aOur Little Quebec Cousin
_h[electronic resource] /
_cMary S. Saxe
260 _bProject Gutenberg,
_c2014
506 _aPublic domain in the USA.
516 _aElectronic text
700 1 _aMeister, Charles E.
830 0 _aProject Gutenberg
_v46056
856 4 0 _uhttp://www.gutenberg.org/ebooks/46056
942 _cEB
999 _c275305
_d275305